000 00904nam a2200265 i 4500
001 12978
003 KOSZ 005
005 20190722100442.0
008 071020s1967 pl a f 000 0 pol
015 _aPB 1968/458
040 _aWA N
_cWA N
_dKOSZ 005/RW
080 _a621.791/.795
100 1 _aPierożek, Bogumił.
_eAutor
245 1 0 _aSpawanie stali w osłonie CO₂ /
_cBogumił Pierożek.
260 _aWarszawa :
_bWydawnictwa Naukowo-Techniczne,
_c1967.
300 _a158, [2] s. :
_bil. ;
_c23 cm.
380 _aKsiążki.
504 _aBibliogr. s. [160].
650 4 _aDwutlenek węgla
_xstosowanie.
650 4 _aSpawanie
_xmetody.
650 4 _aStal
_xtechnologia.
710 2 _aWydawnictwa Naukowo-Techniczne
_4pbl.
856 _uhttp://koha.tu.koszalin.pl/cgi-bin/koha/opac-detail.pl?biblionumber=12978
_yKatalog online BPK
942 _2UKD
_cKS
999 _c12978
_d12978